header

An introduction to the grammar of English (Record no. 107268)

MARC details
000 -LEADER
fixed length control field 01378nam a2200349Ia 4500
100 1# - MAIN ENTRY--AUTHOR NAME
Personal name Gelderen, Elly van.
245 13 - TITLE STATEMENT
Title An introduction to the grammar of English
250 ## - EDITION STATEMENT
Edition statement Rev. ed.
260 ## - PUBLICATION, DISTRIBUTION, ETC. (IMPRINT)
Place of publication Amsterdam ;
-- Philadelphia :
Name of publisher John Benjamins Pub. Co.,
Year of publication 2010.
300 ## - PHYSICAL DESCRIPTION
Number of Pages xvi, 232 p.
650 #0 - SUBJECT ADDED ENTRY--TOPICAL TERM
Topical Term English language
Topical Term English language
Topical Term English language
Topical Term English language
856 40 - ELECTRONIC LOCATION AND ACCESS
Uniform Resource Identifier http://site.ebrary.com/lib/rucke/Doc?id=10355438

No items available.

© 2026 Rongo University
Contact us: librarian | system librarian | Rongo university